00818nam a2200229 a 450000100060000000300080000600500170001400800410003102000220007203500200009404000320011404100080014608200260015410000280018024500830020826000390029130000260033049000680035650400390042465100570046383000680052057995BD-RjUL20211209080557.0161212s1985 cou b 001 0 eng  a0813370647 (pbk.) a(BD-RjUL) 58119 aDLCcDLCdDLCdBD-RjULbeng aeng00a320.947223bHAE 19851 aHĚŁazan, Barukh,d1942-14aThe East European political system :binstruments of power /cBaruch A. Hazan. aBoulder :bWestview Press,cc1985. axvi, 396 p. ;c23 cm. aWestview special studies on the Soviet Union and Eastern Europe aIncludes bibliographies and index. 0aEurope, EasternxPolitics and governmenty1945-1989. aWestview special studies on the Soviet Union and Eastern Europe